01650nam a2200265 a 45000010005000000030009000050080041000140200015000550400028000700820016000981000074001142450027001882600034002153000016002494900026002655000054002915050774003456500015011196500027011346500032011616500012011939420012012059990017012179520150012348024CO-ViMGA141112s2004 ck r 000 u spa d a9589185428 aCO-ViMGAbspacCO-ViMGA04a372.5 A484h1 aAguirre G., Polo; Caputi M., Mary Jane; Jaramillo P., J. Martin9763110aHabilidades Artisticas aMedellín, cEdiarte, c1997 a4 Volumenes aEducación Artistica aSolicitar el ejemplar de la tabla de contenido.  aVOL [1] : El color, el punto, la linea, el plano, la forma, el tamaño, ubicación, la perspectiva y profesiones artisiticas - Taller : Círculo cromático, cuadro perforado, hilogramas, collage, marquetería, degradados, historia de la pintura VOL [2] : Igual al anterior. Historia de la imprenta, historia del pastel, historia del vitral, Taller aprendamos vitral, historia del arte cinetico y op art, historia de la música VOL [3] : Elementos de la composición, grandes pintores, grandes escultores, tecnicas pictoricas.Empastemos libros y trabajos, modelar en arcilla, hagamos máscaras VOL [4] : La composición, color, texturas, perspectiva, Pintores Colombianos.El batik, el mosaico, historia del cine, Serigrafía o silk screen, historia de la danza14aARTE9416714aDIBUJO ARTISTICO9491514aeducación ARTISTICA9207214aPINTURA 2ddccBK c19846d19846 01102ddc44708003aMEVIECARbMEVIECARd2015-12-04hVolumen. 1 | 11/jun/2009l0o372.5 A484h p8024r2015-12-04 00:00:00tEj. 1w2015-12-04yBK